000 00499nam a2200217Ia 4500
008 101110s9999 xx 000 0 und d
041 _aENGLISH
082 _bSR27989
100 _aBalachandran S.
245 _aGeneral insurance
260 _c2004
_bInsurance Inst. Of India
300 _a470
365 _b175
520 _aCommerce
546 _aENGLISH
630 _aGeneral insurance
650 _aCommerce
655 _aCommerce
730 _aGeneral insurance
942 _cBOOK
999 _c820539
_d820536